[Event "IntCommCen"]
[Site "?"]
[Date "1966.??.??"]
[Round "?"]
[White "Peters, A John"]
[Black "Brameld, Arthur F"]
[Result "0-1"]
[WhiteElo "1920"]
[BlackElo "2030"]
[PlyCount "60"]
[EventDate "1966.??.??"]
[EventType "simul"]
[EventRounds "2"]

1. d4 d5 2. c4 c6 3. Nf3 Nf6 4. Nc3 e6 5. Bg5 dxc4 6. a4 Bb4 7. e3 Qa5 8. Bxf6 Bxc3+ 9. bxc3 Qxc3+ 10. Nd2 gxf6 11. Bxc4 Qa5 12. O-O Nd7 13. Ne4 Rg8 14. f4 f5 15. Qh5 Rg6 16. Nd6+ Ke7 17. Nxc8+ Rxc8 18. Be2 Rcg8 19. Bf3 Qd2 20. Qh4+ Nf6 21. Qf2 Qxf2+ 22. Rxf2 Nd5 23. Ra3 Kd7 24. Rb2 b6 25. Rab3 h6 26. Kf1 Rc8 27. Rc2 Rgg8 28. Ke2 Kd6 29. Kd2 Kd7 30. Ke2 Kd6 0-1

[Event "Hants Lge"]
[Site "?"]
[Date "1966.??.??"]
[Round "?"]
[White " Pointon, Anthony J"]
[Black "Brameld, Arthur F"]
[Result "1/2-1/2"]
[WhiteElo "2220"]
[BlackElo "2030"]
[PlyCount "41"]
[EventDate "1966.??.??"]
[EventType "simul"]
[EventRounds "4"]

1. c4 e5 2. g3 d5 3. cxd5 Qxd5 4. Nf3 Bg4 5. Bg2 Bc5 6. Nc3 Qd6 7. Qb3 Nd7 8. Qxb7 Rb8 9. Qd5 Ngf6 10. Qxd6 cxd6 11. Ng5 O-O 12. Nge4 Nxe4 13. Nxe4 Bd4 14. Nc3 Nc5 15. h3 Be6 16. O-O Rb6 17. Rd1 Rfb8 18. d3 Ra6 19. e3 Bxc3 20. bxc3 Bxa2 21. Rd2 1/2-1/2

[Event "Ports Lge"]
[Site "?"]
[Date "1967.??.??"]
[Round "?"]
[White "Coleman, R."]
[Black "Brameld, Arthur F"]
[Result "0-1"]
[WhiteElo "1640"]
[BlackElo "2030"]
[PlyCount "60"]
[EventDate "1967.??.??"]
[EventType "swiss"]

1. e4 c5 2. Nf3 e6 3. d4 cxd4 4. Nxd4 Nf6 5. Nc3 Bb4 6. Bd3 Nc6 7. Nde2 d5 8. exd5 Nxd5 9. Bd2 a6 10. Be4 Nf6 11. Bxc6+ bxc6 12. a3 Be7 13. Bg5 O-O 14. O-O Bb7 15. Qxd8 Rfxd8 16. Rad1 h6 17. Bh4 g5 18. Bg3 Nd5 19. h3 Kh7 20. f4 f5 21. Nxd5 cxd5 22. fxg5 Bxg5 23. Nd4 Be3+ 24. Bf2 Bxd4 25. Bxd4 Rac8 26. c3 Bc6 27. Rc1 Rg8 28. Kh2 Rg6 29. Be5 d4 30. Rf2 Rcg8 0-1

[Event "Ports Lge"]
[Site "?"]
[Date "1967.??.??"]
[Round "?"]
[White "Brameld, Arthur F"]
[Black "Peters, A John"]
[Result "1-0"]
[WhiteElo "2030"]
[BlackElo "1920"]
[PlyCount "31"]
[EventDate "1967.??.??"]
[EventType "swiss"]

1. e4 e5 2. Nf3 Nc6 3. Nc3 Nf6 4. d4 exd4 5. Nd5 Nxe4 6. Qe2 f5 7. Ng5 Ne7 8. Nxe4 fxe4 9. Qh5+ g6 10. Qe5 d6 11. Nf6+ Kf7 12. Bc4+ d5 13. Nxd5 Bg7 14. Nxe7+ Kf8 15. Qf4+ Kxe7 16. Qf7+ 1-0

[Event "IntCommCen"]
[Site "?"]
[Date "1967.??.??"]
[Round "?"]
[White "Springthorpe, L."]
[Black "Brameld, Arthur F"]
[Result "0-1"]
[WhiteElo "1605"]
[BlackElo "2030"]
[PlyCount "64"]
[EventDate "1967.??.??"]
[EventType "game"]

1. e4 c5 2. Nc3 Nc6 3. Nf3 g6 4. d3 Bg7 5. Be3 d6 6. Na4 b5 7. Nc3 Rb8 8. d4 c4 9. d5 Ne5 10. Nxe5 Bxe5 11. Bxa7 Rb7 12. Bd4 Nf6 13. Bxe5 dxe5 14. a3 O-O 15. g3 Qb6 16. Bg2 Bg4 17. Qd2 Rc8 18. O-O Qd4 19. Qe1 b4 20. axb4 Rxb4 21. Na4 Rbb8 22. h3 Bd7 23. Qe2 Bxa4 24. Rxa4 Rxb2 25. Rd1 Qc3 26. Rd2 Ne8 27. Bf1 Nd6 28. Kh2 Nxe4 29. Rxc4 Rxc4 30. Qxc4 Qxc4 31. Bxc4 Nxd2 32. Bd3 e4 0-1

[Event "Ports Lge"]
[Site "?"]
[Date "1967.??.??"]
[Round "?"]
[White "Adams, S."]
[Black "Brameld, Arthur F"]
[Result "0-1"]
[WhiteElo "1680"]
[BlackElo "2030"]
[PlyCount "96"]
[EventDate "1967.??.??"]
[EventType "swiss"]

1. e4 c5 2. Nf3 e6 3. c4 Nc6 4. d3 g6 5. Nc3 Bg7 6. Be3 d6 7. Qd2 Nf6 8. h3 a6 9. b3 Qa5 10. Rc1 Rb8 11. Be2 b5 12. O-O b4 13. Na4 Bd7 14. e5 Nxe5 15. Nxe5 Bxa4 16. bxa4 dxe5 17. Bd1 Qc7 18. f4 Nd7 19. Qf2 O-O 20. Bc2 exf4 21. Bxf4 Be5 22. Bh6 Bd4 23. Be3 Bxe3 24. Qxe3 Qd6 25. Rce1 Qd4 26. Qxd4 cxd4 27. Re4 e5 28. a5 f6 29. Ba4 Nc5 30. Bc6 Nxe4 31. Bxe4 f5 32. Bd5+ Kg7 33. c5 Rfc8 34. Bc4 Rxc5 35. Bxa6 Rxa5 36. Bc4 Rc8 37. Re1 Rxc4 38. dxc4 Rxa2 39. Rc1 b3 40. c5 b2 41. Rb1 Ra1 42. Rxa1 bxa1=Q+ 43. Kh2 d3 44. c6 d2 45. c7 d1=Q 46. c8=Q Qg1+ 47. Kg3 Qae1+ 48. Kf3 Qge3# 0-1

[Event "Hants Lge"]
[Site "?"]
[Date "1967.??.??"]
[Round "?"]
[White "Russell, S."]
[Black "Brameld, Arthur F"]
[Result "0-1"]
[WhiteElo "1840"]
[BlackElo "2030"]
[PlyCount "92"]
[EventDate "1967.??.??"]
[EventType "simul"]
[EventRounds "4"]

1. e4 c5 2. f4 Nc6 3. Nf3 d6 4. Bc4 g6 5. d4 cxd4 6. Nxd4 Bg7 7. Nxc6 bxc6 8. Qf3 Rb8 9. c3 Qa5 10. O-O Qc5+ 11. Qe3 Qxc4 12. Qxa7 Qb5 13. b4 Qb6+ 14. Qxb6 Rxb6 15. a3 Ba6 16. Rd1 Nf6 17. Be3 Rb7 18. Bd4 O-O 19. Re1 Nd7 20. e5 dxe5 21. fxe5 Rc8 22. e6 Bxd4+ 23. cxd4 Nf6 24. Nd2 fxe6 25. Rxe6 Kf7 26. Rae1 Kf8 27. R1e5 Rd7 28. Ne4 Ng4 29. Rg5 Bc4 30. Rxg4 Bxe6 31. Rf4+ Kg7 32. Nc5 Rd6 33. Re4 Bf5 34. Rf4 Rcd8 35. g4 Bc8 36. Nb3 Be6 37. Nc5 Bf7 38. Re4 Rxd4 39. Rxe7 Rxg4+ 40. Kf2 Kf6 41. Rc7 Rgd4 42. Rxc6+ Kg5 43. b5 Rb8 44. a4 Kh6 45. b6 Be8 46. Rc7 Rxb6 0-1

[Event "Ports Lge"]
[Site "?"]
[Date "1967.??.??"]
[Round "?"]
[White "Hollington, Terry"]
[Black "Brameld, Arthur F"]
[Result "0-1"]
[WhiteElo "1885"]
[BlackElo "2030"]
[PlyCount "64"]
[EventDate "1967.??.??"]
[EventType "swiss"]

1. e4 c5 2. Nf3 e6 3. d4 cxd4 4. Nxd4 Nf6 5. Nc3 Bb4 6. Bd3 Nc6 7. Nxc6 dxc6 8. a3 Bxc3+ 9. bxc3 e5 10. Bg5 Be6 11. Qd2 h6 12. Bh4 g5 13. Bg3 Qa5 14. f3 O-O-O 15. Bf2 h5 16. O-O Rdg8 17. Qe3 Nd7 18. Qxa7 Qxa7 19. Bxa7 b6 20. Rfb1 Kb7 21. Bxb6 Nxb6 22. a4 Ka7 23. a5 Nd7 24. Rb2 Rb8 25. Rab1 Rxb2 26. Rxb2 Rb8 27. Rb4 Rxb4 28. cxb4 c5 29. b5 c4 30. Be2 Nc5 31. Kf2 Nb7 32. a6 Nd6 0-1

[Event "Ports Lge"]
[Site "?"]
[Date "1967.??.??"]
[Round "?"]
[White "Brameld, Arthur F"]
[Black "Muir, William D"]
[Result "1-0"]
[WhiteElo "2030"]
[BlackElo "1605"]
[PlyCount "71"]
[EventDate "1967.??.??"]
[EventType "swiss"]

1. e4 e5 2. Nf3 Nc6 3. Nc3 Nf6 4. d4 exd4 5. Nd5 d6 6. Bb5 Bd7 7. Bf4 Be7 8. O-O O-O 9. Re1 Re8 10. Bxc6 Bxc6 11. Qxd4 Nxd5 12. exd5 Bf6 13. Qc4 Bd7 14. Rxe8+ Bxe8 15. Re1 Bd7 16. Nd4 a6 17. a4 Bg4 18. Re3 Qd7 19. h3 Bh5 20. Rb3 b5 21. axb5 axb5 22. Qxb5 Qxb5 23. Nxb5 g5 24. Bg3 Bd8 25. Rc3 f5 26. f4 gxf4 27. Bxf4 Rb8 28. Nxc7 Rxb2 29. Bxd6 Bd1 30. Ne6 Bf6 31. Rc8+ Kf7 32. c4 Bb3 33. Rf8+ Kg6 34. Nf4+ Kg5 35. h4+ Kxh4 36. Rxf6 1-0

[Event "Ports Lge"]
[Site "?"]
[Date "1967.??.??"]
[Round "?"]
[White "Pratten, Wilf"]
[Black "Brameld, Arthur F"]
[Result "1/2-1/2"]
[WhiteElo "2200"]
[BlackElo "2030"]
[PlyCount "69"]
[EventDate "1967.??.??"]
[EventType "swiss"]

1. e4 c5 2. Nc3 Nc6 3. g3 g6 4. Bg2 Bg7 5. Nd5 e6 6. Ne3 Nge7 7. Ne2 O-O 8. O-O d5 9. exd5 exd5 10. Nf4 Be6 11. d3 Rb8 12. Re1 Qd7 13. Rb1 b5 14. Bd2 d4 15. Nxe6 fxe6 16. Ng4 e5 17. f4 exf4 18. Bxf4 Rbe8 19. Nf2 Nd5 20. Rxe8 Rxe8 21. Qf3 Nce7 22. Ne4 Nxf4 23. Qxf4 Nd5 24. Qh4 Ne3 25. Bh3 Qd5 26. b3 a6 27. Re1 c4 28. Re2 cxd3 29. cxd3 Qc6 30. Rf2 Qc1+ 31. Bf1 Nd1 32. Qf4 Qxf4 33. Rxf4 Nc3 34. Nf6+ Bxf6 35. Rxf6 1/2-1/2

[Event "Hants Lge"]
[Site "?"]
[Date "1967.??.??"]
[Round "?"]
[White "Brameld, Arthur F"]
[Black "Compton, R."]
[Result "1-0"]
[WhiteElo "2030"]
[BlackElo "2000"]
[PlyCount "79"]
[EventDate "1967.??.??"]
[EventType "simul"]
[EventRounds "4"]

1. e4 c5 2. Nf3 Nc6 3. d4 cxd4 4. Nxd4 g6 5. c4 Bg7 6. Nc2 d6 7. Be2 Be6 8. O-O Rc8 9. Nba3 Nf6 10. f3 h5 11. Be3 h4 12. Nd4 Bd7 13. Qd2 Nh5 14. Rfd1 O-O 15. Rac1 Nf4 16. Bf1 Nxd4 17. Bxd4 Bxd4+ 18. Qxd4 Qa5 19. Qd2 Qe5 20. Nc2 Rc7 21. Ne3 Be6 22. Nd5 Bxd5 23. exd5 Rfc8 24. g3 Qg5 25. Qxf4 Qxf4 26. gxf4 b5 27. b3 a5 28. Bh3 f5 29. Bf1 a4 30. Kg2 bxc4 31. Bxc4 axb3 32. axb3 Ra8 33. Rd2 Ra3 34. Re1 Kf7 35. Rde2 Rca7 36. Kh3 Kf6 37. Kxh4 e5 38. dxe6 Rh7+ 39. Kg3 Raa7 40. e7 1-0

[Event "Ports Lge"]
[Site "?"]
[Date "1967.??.??"]
[Round "?"]
[White "Brameld, Arthur F"]
[Black "Coleman, R."]
[Result "0-1"]
[WhiteElo "2030"]
[BlackElo "1640"]
[PlyCount "60"]
[EventDate "1967.??.??"]
[EventType "swiss"]

1. e4 e6 2. c4 c5 3. Nf3 Nc6 4. d4 d5 5. cxd5 exd5 6. exd5 Qxd5 7. Nc3 Qd8 8. d5 Nce7 9. Ne5 Nf6 10. Bg5 Qd6 11. Nc4 Qd7 12. Bxf6 gxf6 13. Ne4 Bg7 14. Nxc5 Qxd5 15. Qxd5 Nxd5 16. O-O-O Be6 17. Nd6+ Ke7 18. Nxe6 fxe6 19. Nxb7 a5 20. Kb1 Rhb8 21. Nc5 Nc3+ 22. Kc2 Nxd1 23. Kxd1 Rxb2 24. Bd3 Rxf2 25. Re1 e5 26. Re2 Rxe2 27. Kxe2 h6 28. a4 Rb8 29. Bb5 Kd6 30. Ne4+ Kd5 0-1

[Event "Hants Lge"]
[Site "?"]
[Date "1967.??.??"]
[Round "?"]
[White "Brameld, Arthur F"]
[Black "Grant, Jack"]
[Result "1-0"]
[WhiteElo "2030"]
[BlackElo "1880"]
[PlyCount "47"]
[EventDate "1967.??.??"]
[EventType "simul"]
[EventRounds "4"]

1. e4 e5 2. Nf3 Nc6 3. Nc3 Nf6 4. d4 exd4 5. Nd5 Be7 6. Bf4 d6 7. Bb5 Bd7 8. O-O O-O 9. Re1 Nxd5 10. exd5 Nb4 11. Bc4 a5 12. a3 Na6 13. Nxd4 Re8 14. Qd2 Nc5 15. Re2 Bf6 16. Rae1 Bxd4 17. Rxe8+ Bxe8 18. Qxd4 Nd7 19. Qe3 Nf6 20. Bg5 Bd7 21. Qe7 Qxe7 22. Rxe7 Re8 23. Bxf6 gxf6 24. Rxd7 1-0

[Event "BrChQual"]
[Site "?"]
[Date "1967.??.??"]
[Round "?"]
[White "Brameld, Arthur F"]
[Black "Winser, W."]
[Result "0-1"]
[WhiteElo "2070"]
[BlackElo "2160"]
[PlyCount "38"]
[EventDate "1967.??.??"]
[EventType "team"]

1. b4 d5 2. Bb2 Bf5 3. Nf3 e6 4. e3 Nf6 5. b5 h6 6. c4 Be7 7. Na3 O-O 8. Rc1 a6 9. Qb3 Nbd7 10. d4 c5 11. Nd2 cxd4 12. exd4 Qa5 13. c5 Ne4 14. Bc3 Nxc3 15. Qxc3 axb5 16. Bxb5 Nxc5 17. dxc5 Qxa3 18. O-O Qxc3 19. Rxc3 Rxa2 0-1

[Event "Ports Lge"]
[Site "?"]
[Date "1967.??.??"]
[Round "?"]
[White "Saverymuttu, Seth"]
[Black "Brameld, Arthur F"]
[Result "1-0"]
[WhiteElo "2080"]
[BlackElo "2070"]
[PlyCount "61"]
[EventDate "1967.??.??"]
[EventType "swiss"]

1. e4 g6 2. d4 Bg7 3. Nc3 d6 4. f4 c5 5. d5 a6 6. a4 e6 7. dxe6 fxe6 8. Nf3 Nc6 9. Bd3 Nge7 10. O-O O-O 11. Ne2 Rb8 12. c3 b5 13. axb5 axb5 14. Kh1 e5 15. Be3 Bg4 16. h3 Bxf3 17. Rxf3 Qd7 18. Bxc5 exf4 19. Bxd6 Rbd8 20. Bxe7 Nxe7 21. Qb3+ Kh8 22. Bxb5 Qb7 23. Rxf4 Rxf4 24. Nxf4 Qxe4 25. Ne6 Rd2 26. Bf1 Be5 27. Qb5 Ng8 28. Ng5 Qd5 29. Ra7 Nf6 30. Nf7+ Kg8 31. Nxe5 1-0

[Event "BrChQual"]
[Site "?"]
[Date "1967.??.??"]
[Round "?"]
[White "Winser, W."]
[Black "Brameld, Arthur F"]
[Result "1/2-1/2"]
[WhiteElo "2160"]
[BlackElo "2070"]
[PlyCount "45"]
[EventDate "1967.??.??"]
[EventType "team"]

1. d4 Nf6 2. c4 e6 3. Nf3 c5 4. Nc3 cxd4 5. Nxd4 Be7 6. g3 d5 7. Bg2 dxc4 8. Qa4+ Nbd7 9. Qxc4 O-O 10. O-O Nb6 11. Qd3 Bc5 12. Rd1 e5 13. Nb3 Qxd3 14. Rxd3 Bb4 15. a3 Bxc3 16. Rxc3 Rd8 17. Bg5 h6 18. Bxf6 gxf6 19. Rc7 Be6 20. Nc5 Rac8 21. Nxe6 fxe6 22. Rxc8 Rxc8 23. Bxb7 1/2-1/2

[Event "Ports Lge"]
[Site "?"]
[Date "1967.??.??"]
[Round "?"]
[White "Brameld, Arthur F"]
[Black "Makar, William"]
[Result "1-0"]
[WhiteElo "2070"]
[BlackElo "1800"]
[PlyCount "27"]
[EventDate "1967.??.??"]
[EventType "swiss"]

1. e4 e5 2. Nf3 Nf6 3. Nc3 Bb4 4. Bc4 O-O 5. O-O Nxe4 6. Nd5 Bd6 7. d3 Nc5 8. Bg5 Qe8 9. Nh4 Ne6 10. Nf6+ gxf6 11. Bxf6 h6 12. Qg4+ Ng5 13. Nf5 Kh7 14. Qh5 1-0

[Event "Ports Lge"]
[Site "?"]
[Date "1967.??.??"]
[Round "?"]
[White "Brameld, Arthur F"]
[Black "Hilton, B."]
[Result "1-0"]
[WhiteElo "2070"]
[BlackElo "1800"]
[PlyCount "63"]
[EventDate "1967.??.??"]
[EventType "swiss"]

1. e4 e5 2. Nf3 Nf6 3. Nc3 Nc6 4. d4 exd4 5. Nd5 Be7 6. Bb5 a6 7. Ba4 O-O 8. O-O d6 9. Bxc6 bxc6 10. Nxe7+ Qxe7 11. Re1 Bg4 12. Qxd4 Bxf3 13. gxf3 Nd7 14. Kh1 Ne5 15. Rg1 f6 16. Rg3 g5 17. f4 Nf7 18. Bd2 h6 19. Rag1 Rab8 20. fxg5 fxg5 21. f4 Rfe8 22. fxg5 h5 23. g6 Ne5 24. Bg5 Qe6 25. g7 Ng4 26. Re1 Rb5 27. h4 Qxa2 28. Rf3 Rbe5 29. c4 a5 30. Rf8+ Rxf8 31. gxf8=Q+ Kxf8 32. Bf4 1-0

[Event "BrChQual"]
[Site "?"]
[Date "1967.??.??"]
[Round "?"]
[White "Brameld, Arthur F"]
[Black "Yeeles, William"]
[Result "1/2-1/2"]
[WhiteElo "2070"]
[BlackElo "2080"]
[PlyCount "59"]
[EventDate "1967.??.??"]
[EventType "team"]

1. e4 Nf6 2. Nc3 d5 3. e5 d4 4. exf6 dxc3 5. bxc3 gxf6 6. g3 Bf5 7. Bg2 Qc8 8. Rb1 c6 9. d3 Nd7 10. Be3 Ne5 11. h3 h5 12. Qc1 Rg8 13. f4 Nd7 14. Ne2 e5 15. O-O Nc5 16. fxe5 Bxh3 17. exf6 Bxg2 18. Kxg2 Qg4 19. Qe1 O-O-O 20. Qf2 Re8 21. Nf4 h4 22. Bxc5 Bxc5 23. Qxc5 Qxg3+ 24. Kh1 Re3 25. Qf5+ Kb8 26. Rxb7+ Kxb7 27. Qd7+ Ka6 28. Qxc6+ Ka5 29. Qc5+ Ka6 30. Qc6+ 1/2-1/2

[Event "IntLge"]
[Site "?"]
[Date "1967.??.??"]
[Round "?"]
[White "Brameld, Arthur F"]
[Black "Edmonds, A."]
[Result "1/2-1/2"]
[WhiteElo "2070"]
[BlackElo "2120"]
[PlyCount "71"]
[EventDate "1967.??.??"]
[EventType "game"]

1. e4 c5 2. d3 g6 3. g3 Bg7 4. Bg2 Nc6 5. Ne2 e6 6. O-O Nge7 7. c3 d5 8. Nd2 O-O 9. a4 d4 10. Nb3 b6 11. f4 Ba6 12. c4 e5 13. f5 f6 14. g4 Bc8 15. Ng3 Rb8 16. Bd2 Bd7 17. h4 Qc8 18. Qc1 h5 19. gxh5 gxf5 20. h6 Bh8 21. exf5 Nd8 22. Be4 Nf7 23. Qd1 Nd6 24. h7+ Kxh7 25. Qh5+ Kg8 26. Bd5+ Nxd5 27. Qg6+ Bg7 28. Bh6 Rf7 29. Nh5 Qf8 30. cxd5 Ne8 31. Kh2 Kh8 32. Bxg7+ Nxg7 33. Qh6+ Kg8 34. Qg6 Kh8 35. Qh6+ Kg8 36. Qg6 1/2-1/2

[Event "BrChQual"]
[Site "?"]
[Date "1967.??.??"]
[Round "?"]
[White "Yeeles, William"]
[Black "Brameld, Arthur F"]
[Result "1-0"]
[WhiteElo "2080"]
[BlackElo "2070"]
[PlyCount "85"]
[EventDate "1967.??.??"]
[EventType "team"]

1. Nf3 g6 2. g3 Bg7 3. Bg2 e5 4. d3 d6 5. O-O Ne7 6. c4 O-O 7. Nc3 Nd7 8. Bg5 f6 9. Bd2 f5 10. Qc1 Nf6 11. Rb1 c6 12. b4 Qc7 13. b5 Kh8 14. a4 Bd7 15. Qa3 Nfg8 16. c5 dxc5 17. Qxc5 b6 18. Qc4 Rac8 19. Rfc1 cxb5 20. Qxc7 Rxc7 21. Nxb5 Rxc1+ 22. Rxc1 Nc6 23. Ng5 Nge7 24. Nxa7 Nxa7 25. Rc7 Bc6 26. Rxe7 Bxg2 27. Kxg2 Nc6 28. Rxg7 Kxg7 29. Ne6+ Kf7 30. Nxf8 Kxf8 31. Be3 Nd4 32. Bxd4 exd4 33. e4 fxe4 34. dxe4 Ke7 35. Kf3 Ke6 36. Ke2 Ke5 37. Kd3 g5 38. f3 h6 39. h3 h5 40. h4 gxh4 41. f4+ Kd6 42. gxh4 Kc5 43. f5 1-0

[Event "Hants Lge"]
[Site "?"]
[Date "1967.??.??"]
[Round "?"]
[White "Dulson, H."]
[Black "Brameld, Arthur F"]
[Result "0-1"]
[WhiteElo "1800"]
[BlackElo "2070"]
[PlyCount "66"]
[EventDate "1967.??.??"]
[EventType "simul"]
[EventRounds "4"]

1. d4 d5 2. Nf3 Nf6 3. Bf4 g6 4. e3 Bg7 5. h3 O-O 6. c4 c6 7. Nc3 dxc4 8. Bxc4 b5 9. Bd3 a6 10. b4 Nbd7 11. O-O Nb6 12. Qe2 Nfd5 13. Nxd5 Nxd5 14. Bg3 Nxb4 15. Rac1 Be6 16. h4 Nxd3 17. Qxd3 Bc4 18. Rxc4 bxc4 19. Qxc4 Qd5 20. Qc2 Rac8 21. Rb1 f5 22. Rb7 c5 23. Qb3 c4 24. Qb4 Rfe8 25. Ne5 c3 26. Nd3 c2 27. Nc1 e5 28. Re7 Rxe7 29. Qxe7 exd4 30. exd4 Bxd4 31. Bf4 Bg7 32. Qg5 Be5 33. Be3 Qd1# 0-1

[Event "Hants Lge"]
[Site "?"]
[Date "1968.??.??"]
[Round "?"]
[White "Brameld, Arthur F"]
[Black "Hopkins, P."]
[Result "1-0"]
[WhiteElo "2070"]
[BlackElo "1760"]
[PlyCount "75"]
[EventDate "1968.??.??"]
[EventType "simul"]
[EventRounds "2"]

1. e4 e6 2. c4 c6 3. Nc3 Bb4 4. a3 Ba5 5. b4 Bc7 6. d4 d5 7. e5 h6 8. c5 Ne7 9. Bd3 b6 10. Rb1 bxc5 11. bxc5 Ba5 12. Bd2 Na6 13. Qe2 Nc7 14. Nf3 O-O 15. O-O Ng6 16. g3 Bxc3 17. Bxc3 Qe8 18. Ba5 Qd7 19. h4 a6 20. a4 Ne8 21. Rb6 Nc7 22. Nh2 Ne7 23. Bd2 Nf5 24. g4 Nxh4 25. f4 f5 26. exf6 Rxf6 27. g5 hxg5 28. fxg5 Rxf1+ 29. Nxf1 Nf5 30. Qh5 a5 31. g6 Nh6 32. Bxh6 gxh6 33. Qxh6 Ba6 34. Bxa6 Rxa6 35. Rb8+ Ne8 36. Qh7+ Qxh7 37. gxh7+ Kxh7 38. Rxe8 1-0

[Event "Ports Lge"]
[Site "?"]
[Date "1968.??.??"]
[Round "?"]
[White "Whiteley, Andrew"]
[Black "Brameld, Arthur F"]
[Result "0-1"]
[WhiteElo "1680"]
[BlackElo "2070"]
[PlyCount "42"]
[EventDate "1968.??.??"]
[EventType "game"]

1. d4 Nf6 2. c4 e6 3. Nc3 c5 4. e3 d5 5. Nf3 cxd4 6. exd4 Nc6 7. c5 Ne4 8. Bd3 f5 9. O-O Be7 10. Bb5 O-O 11. Bxc6 bxc6 12. Ne5 Qc7 13. Re1 Bxc5 14. Nxe4 fxe4 15. dxc5 Qxe5 16. Qc2 Qf5 17. Re3 Ba6 18. b3 Bd3 19. Qd2 d4 20. Rg3 e3 21. Rf3 exd2 0-1

[Event "Hants Lge"]
[Site "?"]
[Date "1968.??.??"]
[Round "?"]
[White "Farmer, G."]
[Black "Brameld, Arthur F"]
[Result "1-0"]
[WhiteElo "1720"]
[BlackElo "2070"]
[PlyCount "79"]
[EventDate "1968.??.??"]
[EventType "simul"]
[EventRounds "2"]

1. e4 c5 2. Nf3 Nc6 3. d4 cxd4 4. Nxd4 e6 5. Nc3 a6 6. Be2 Nf6 7. Bg5 h6 8. Bh4 Be7 9. Bg3 d5 10. e5 Nd7 11. f4 O-O 12. a3 Nxd4 13. Qxd4 Bc5 14. Qd3 b5 15. f5 exf5 16. Qxd5 Qb6 17. Bf3 Ra7 18. O-O-O Bb7 19. Qd3 Be3+ 20. Kb1 f4 21. Bxb7 Qxb7 22. Nd5 Nxe5 23. Qe4 Nc4 24. Bxf4 Nd2+ 25. Rxd2 Bxd2 26. Bxd2 Rd8 27. Nf6+ gxf6 28. Qg4+ Kh7 29. Qf5+ Kg7 30. Qg4+ Kf8 31. Bxh6+ Ke8 32. Re1+ Qe7 33. Rxe7+ Rxe7 34. Qf5 Re6 35. Bg7 Rdd6 36. Qf3 Ke7 37. Qf5 Rd7 38. h4 Rdd6 39. h5 Re5 40. Bxf6+ 1-0

[Event "Ports Summer Tourney"]
[Site "?"]
[Date "1968.??.??"]
[Round "?"]
[White "Pratten, Wilf"]
[Black "Brameld, Arthur F"]
[Result "1-0"]
[WhiteElo "2120"]
[BlackElo "2070"]
[PlyCount "81"]
[EventDate "1968.??.??"]
[EventType "game"]

1. e4 c5 2. Nc3 e6 3. g3 d5 4. exd5 exd5 5. Bg2 Nf6 6. d3 d4 7. Ne4 Nxe4 8. Bxe4 f5 9. Bg2 Bd6 10. Ne2 O-O 11. O-O Nc6 12. Nf4 Ne7 13. Re1 Qc7 14. Qf3 Rb8 15. Ne6 Bxe6 16. Rxe6 Qd7 17. Re2 b6 18. Bg5 Rbe8 19. Rae1 Kh8 20. Re6 Nc8 21. Rxe8 Rxe8 22. Rxe8+ Qxe8 23. Qxf5 Qe1+ 24. Bf1 Qe8 25. Bh3 Be7 26. Qe6 Qd8 27. Bf4 Nd6 28. Be5 Bf8 29. f4 Qe7 30. f5 Nf7 31. Qxe7 Bxe7 32. Bf4 Kg8 33. Kf2 Nd6 34. Kf3 Kf7 35. Be5 Ne8 36. Kf4 Nf6 37. Bg2 g6 38. g4 Bd8 39. g5 Nh5+ 40. Kg4 Be7 41. Bd5+ 1-0

[Event "Soton Lge"]
[Site "?"]
[Date "1971.??.??"]
[Round "?"]
[White "O'Sullivan, BF."]
[Black "Brameld, Arthur F"]
[Result "0-1"]
[WhiteElo "2060"]
[BlackElo "1935"]
[PlyCount "64"]
[EventDate "1971.??.??"]
[EventType "game"]

1. e4 c5 2. Nc3 g6 3. f4 Bg7 4. Nf3 d6 5. Bb5+ Bd7 6. Bxd7+ Qxd7 7. O-O Nc6 8. d3 e6 9. Qe2 Nge7 10. Bd2 Nd4 11. Nxd4 cxd4 12. Nd1 O-O 13. c3 Nc6 14. Nf2 f5 15. Rae1 Rae8 16. Qd1 e5 17. Qb3+ Kh8 18. Nh3 fxe4 19. dxe4 h6 20. Rf3 dxc3 21. Bxc3 Nd4 22. Bxd4 exd4 23. Qd3 Qe6 24. Rg3 Kh7 25. a3 Re7 26. f5 Rxf5 27. Rxg6 Qxg6 28. exf5 Rxe1+ 29. Kf2 Qe8 30. f6+ Qe4 31. Qxe4+ Rxe4 32. fxg7 d3 0-1

[Event "Ports Summer Tourney"]
[Site "?"]
[Date "1971.??.??"]
[Round "?"]
[White "Brameld, Arthur F"]
[Black "Burdock, Harry"]
[Result "1/2-1/2"]
[WhiteElo "1935"]
[BlackElo "2055"]
[PlyCount "104"]
[EventDate "1971.??.??"]
[EventType "simul"]
[EventRounds "7"]

1. e4 Nf6 2. Nc3 d6 3. d4 g6 4. Be2 Bg7 5. h3 O-O 6. Be3 c5 7. Nf3 cxd4 8. Nxd4 Nc6 9. g4 d5 10. Nxc6 bxc6 11. exd5 Nxd5 12. Nxd5 cxd5 13. c3 Rb8 14. Qd2 Qa5 15. O-O e5 16. b4 Qa3 17. Qxd5 Qxc3 18. Bxa7 Rxb4 19. Bc5 Rb2 20. Bxf8 Rxe2 21. Bxg7 Kxg7 22. Kh2 Qb2 23. Kg1 Bb7 24. Qb3 Rxf2 25. Qxb2 Rxb2 26. Rfb1 Rg2+ 27. Kf1 Bd5 28. a4 Rh2 29. a5 Rxh3 30. a6 Rh1+ 31. Kf2 Rh2+ 32. Ke1 Rg2 33. a7 Rxg4 34. Kd2 Rg2+ 35. Kc3 h5 36. a8=Q Bxa8 37. Rxa8 Rg3+ 38. Kc4 Rg4+ 39. Kd5 f6 40. Rb7+ Kh6 41. Ke6 Kg5 42. Rf7 Rb4 43. Ra6 Rf4 44. Ke7 f5 45. Rg7 Rg4 46. Rgxg6+ Kf4 47. Rgf6 e4 48. Ke6 Rg5 49. Ra5 e3 50. Re5 Kf3 51. Rfxf5+ Rxf5 52. Kxf5 Kf2 1/2-1/2

[Event "Ports Summer Tourney"]
[Site "?"]
[Date "1971.??.??"]
[Round "?"]
[White "Jones, John H"]
[Black "Brameld, Arthur F"]
[Result "0-1"]
[WhiteElo "2085"]
[BlackElo "1935"]
[PlyCount "81"]
[EventDate "1971.??.??"]
[EventType "simul"]
[EventRounds "7"]

1. e4 c5 2. Nf3 e6 3. d4 cxd4 4. Nxd4 a6 5. Be3 Nc6 6. Nd2 Nf6 7. f4 d5 8. e5 Nxd4 9. Bxd4 Ne4 10. Nb3 Qh4+ 11. g3 Nxg3 12. hxg3 Qxh1 13. Nd2 Bd7 14. Qg4 h5 15. Qg5 g6 16. Qf6 Rh7 17. Qh4 Qxh4 18. gxh4 Rc8 19. c3 Bc5 20. Nf3 Bxd4 21. Nxd4 Ke7 22. O-O-O f6 23. exf6+ Kxf6 24. Bd3 Re7 25. Rg1 Be8 26. Nf3 b5 27. a3 a5 28. Kb1 Rb8 29. b4 axb4 30. cxb4 Rc8 31. Kb2 Rc4 32. Bxc4 bxc4 33. Ne5 Kf5 34. Rg5+ Kxf4 35. Nxg6+ Bxg6 36. Rxg6 d4 37. b5 c3+ 38. Kc2 Ke4 39. b6 Kd5 40. a4 Kc4 41. Rg8 0-1

[Event "Ports Summer Tourney"]
[Site "?"]
[Date "1971.??.??"]
[Round "?"]
[White "Brameld, Arthur F"]
[Black "Hutchinson, N."]
[Result "1/2-1/2"]
[WhiteElo "1935"]
[BlackElo "2100"]
[PlyCount "83"]
[EventDate "1971.??.??"]
[EventType "simul"]
[EventRounds "7"]

1. e4 d6 2. d4 g6 3. Nf3 Bg7 4. Bc4 Nf6 5. Qe2 c6 6. c3 O-O 7. O-O b5 8. Bd3 a5 9. Bg5 Nbd7 10. e5 dxe5 11. dxe5 Nc5 12. exf6 exf6 13. Rd1 fxg5 14. Bxb5 Qb6 15. Bc4 Bg4 16. b3 h6 17. Nbd2 Rae8 18. Qf1 Bxc3 19. Rac1 Bb4 20. h3 Bf5 21. g4 Be6 22. Nd4 Rd8 23. Nxe6 fxe6 24. Qe2 Bxd2 25. Rxd2 Rxd2 26. Qxd2 Ne4 27. Bxe6+ Kh7 28. Qe3 Qxe3 29. fxe3 Rf3 30. Rxc6 Rxh3 31. Rc7+ Kh8 32. Ra7 Rxe3 33. Rxa5 Nc3 34. Bd7 Rd3 35. Be8 Rd1+ 36. Kf2 Rd2+ 37. Ke3 Re2+ 38. Kd3 Rxe8 39. Kxc3 Kg7 40. Kd3 Kf6 41. Ra6+ Re6 42. Rxe6+ 1/2-1/2